Отчет о деятельности свекло-сахарной секции о-ва Сибирских инженеров за 1915-1916 гг.; Вестник Сибирских Инженеров; № 1-2

Podrobná bibliografie
Parent link:Вестник Сибирских Инженеров: научно-технический журнал/ Орган Общества Сибирских Инженеров ; Областное Объединение Всесоюзной Ассоциации Инженеров для Западной Сибири.— , 1916-1928
№ 1-2.— 1917.— с. 3
Hlavní autor: Лебедев С. В.
Jazyk:ruština
Vydáno: 1917
Témata:
Médium: MixedMaterials Kapitola
KOHA link:https://koha.lib.tpu.ru/cgi-bin/koha/opac-detail.pl?biblionumber=418157

MARC

LEADER 00000naa2a2200000 4500
001 418157
005 20231101072958.0
035 |a (RuTPU)RU\TPU\prd\75305 
035 |a RU\TPU\tpu\7230 
090 |a 418157 
100 |a 20100128d1917 k z0rusy50 ca 
101 0 |a rus 
102 |a RU 
200 1 |a Отчет о деятельности свекло-сахарной секции о-ва Сибирских инженеров за 1915-1916 гг.  |f С. В. Лебедев 
461 0 |0 (RuTPU)RU\TPU\prd\698  |t Вестник Сибирских Инженеров  |o научно-технический журнал  |f Орган Общества Сибирских Инженеров ; Областное Объединение Всесоюзной Ассоциации Инженеров для Западной Сибири  |d 1916-1928 
463 0 |0 (RuTPU)RU\TPU\prd\75303  |t № 1-2  |v с. 3  |d 1917 
610 1 |a пищевая промышленность 
610 1 |a труды учёных ТПУ 
700 1 |a Лебедев  |b С. В. 
801 0 |a RU  |b 63413507  |c 20011210  |g PSBO 
801 2 |a RU  |b 63413507  |c 20140715  |g PSBO 
942 |c BK